Normal view
MARC view
Entry Personal Name
001 - CONTROL NUMBER
- control field: 19730
003 - CONTROL NUMBER IDENTIFIER
- control field: OSt
005 - DATE AND TIME OF LATEST TRANSACTION
- control field: 20151207162340.0
008 - FIXED-LENGTH DATA ELEMENTS
- fixed length control field: 151207|| aca||aabn | a|a d
040 ## - CATALOGING SOURCE
- Original cataloging agency: OSt
- Transcribing agency: OSt
100 ## - HEADING--PERSONAL NAME
- Personal name: डॉ देवेन्द कुमार भटट
670 ## - SOURCE DATA FOUND
- Source citation: Work cat.: (OSt)47880: डॉ देवेन्द कुमार भटट , राेचक श्रेष्ठ बहुचर्चित बाल कहानियां, 2012









